• 首页
  • 本馆介绍
  • 公告通知
  • 最新文献
  • 馆藏检索
  • 电子资源
  • 读者导购
  • 参考咨询
  • 我的图书馆
  • 登录
  • 详细信息显示
  • 放入我的书架
  • 预约/预借图书
  • 作者相关作品
  • 分类相关作品
  • 丛书相关作品
  • 出版社相关作品

书目信息

  • 表格格式
  • 工作单格式
  • 卡片格式
题名:
芥子园画传
    
 
作者: 诸升 编绘
分册:  
出版信息: 北京   北京市中国书店  1982
页数: 1册
开本: 19cm
丛书名:
单 册:
中图分类: J222.49
科图分类:
主题词: 中国画--中国--清代--画册
电子资源:
ISBN:
000 00594nam0 2200229 45
001 0182007364
005 20060805103147.01
010    @dCNY2.20
100    @a19950605d1982 emky0chiy0121 ea
101 0  @achi
102    @aCN@b110000
105    @aa z 000yy
200 10 @a芥子园画传@Ajie zi yuan hua zhuan@f(清)诸升等编绘
205    @b[影印本]
210    @a北京@c北京市中国书店@d1982
215    @a1册@d19cm
606    @a中国画@y中国@z清代@x画册
690    @aJ222.49@v3
701  0 @a诸升@Azhu sheng@4编绘
801  2 @aCN@bNLC@c20060805
801  0 @aCN@bTSSF
905    @a10447@dJ222.49@e158
    
    芥子园画传/(清)诸升等编绘.-[影印本].-北京:北京市中国书店,1982
    1册;19cm
    
    
    ISBN :CNY2.20
    
●
相关链接 在E读中查询图书 在五车中查询图书 在当当中查询图书 在豆瓣中查询图书


正题名:芥子园画传     索取号:J222.49/158         预约/预借

序号 登录号 条形码 馆藏地/架位号 状态 备注
1 0444769   204447697   密集书库/ [索取号:J222.49/158] 在馆    
唐山师范学院图书馆 欢迎您!
大连网信软件有限公司© 版权所有